Olympia 2024 - Teilnehmerländer Handball MÄNNER - Statistiken

Allgemein
  • Dieses Quiz wurde 80 mal gespielt
  • Das Durchschnittsergebnis liegt bei 8 aus 12
Antwortstatistiken
Nation % Korrekt
Deutschland
100%
Frankreich
95%
Spanien
91%
Dänemark
88%
Schweden
77%
Norwegen
73%
Japan
59%
Kroatien
59%
Ägypten
48%
Slowenien
41%
Ungarn
38%
Argentinien
33%
Keine übereinstimmenden Quizze gefunden
Verteilung der Resultate
Anzahl Personen mit jedem Resultat
Perzentil nach korrekt beantworteten Fragen
Ihre Resultats-Entwicklung
Sie haben dieses Quiz noch nicht gespielt